000 00773nam a22001937a 4500
999 _c371685
_d371685
008 201127b ||||| |||| 00| 0 eng d
040 _aDE-2950
_bger
_cDE-2950
_erda
041 _ager
245 _aRockige Zeitreise mit den Oderhähnen in die 60-er Jahre.
_bPremiere: Die Kabarettisten aus Frankfurt bekamen am Wochenende am Haus der Künste viel Beifall für die Welturaufführung ihres neuen Sommerstücks/
_cKarin Sandow
264 _c2022
653 _aFrankfurt (Oder)
653 _aOderhähne
653 _aPremiere
773 _dFrankfurt (Oder) Märkisches Verlags- und Druckhaus GmbH & Co KG
_tMärkische Oderzeitung
_g33. Jahrgang (2022) Nr. 136 vom 14.06.2022, S. 17
942 _cA